THE THREE MUSKETEERS / (Record no. 173864)
[ view plain ]
| 000 -LEADER | |
|---|---|
| fixed length control field | 01372nam a22003371i 4500 |
| 003 - CONTROL NUMBER IDENTIFIER | |
| control field | OSt |
| 005 - DATE AND TIME OF LATEST TRANSACTION | |
| control field | 20190818151030.0 |
| 007 - PHYSICAL DESCRIPTION FIXED FIELD--GENERAL INFORMATION | |
| fixed length control field | ta |
| 008 - FIXED-LENGTH DATA ELEMENTS--GENERAL INFORMATION | |
| fixed length control field | 190818s2019 my a|||jr|||| 000 | eng d |
| 020 ## - INTERNATIONAL STANDARD BOOK NUMBER | |
| International Standard Book Number | 9789672235149 |
| Terms of availability | RM 24.75 |
| Qualifying information | paperback |
| International Standard Book Number | 9789672235095 (set) |
| Terms of availability | RM 198.00 |
| Qualifying information | paperback |
| 040 ## - CATALOGING SOURCE | |
| Original cataloging agency | PPAK |
| Language of cataloging | eng |
| Transcribing agency | PPAK |
| Description conventions | rda |
| 082 04 - DEWEY DECIMAL CLASSIFICATION NUMBER | |
| Edition number | 23 |
| Classification number | 741.5973 |
| 090 ## - LOCALLY ASSIGNED LC-TYPE CALL NUMBER (OCLC); LOCAL CALL NUMBER (RLIN) | |
| Classification number (OCLC) (R) ; Classification number, CALL (RLIN) (NR) | 741.5973 |
| Feature heading | STA |
| Feature heading | K |
| 100 1# - MAIN ENTRY--PERSONAL NAME | |
| Personal name | Stahlberg, L.R. |
| Title of a work | retelling author |
| 245 10 - TITLE STATEMENT | |
| Title | THE THREE MUSKETEERS / |
| Statement of responsibility, etc. | L.R. STAHLBERG & EVA CABRERA |
| 264 #1 - PRODUCTION, PUBLICATION, DISTRIBUTION, MANUFACTURE, AND COPYRIGHT NOTICE | |
| Place of production, publication, distribution, manufacture | Selangor : |
| Name of producer, publisher, distributor, manufacturer | PENERBITAN ILMU PINTAR, |
| Date of production, publication, distribution, manufacture, or copyright notice | 2019 |
| 300 ## - PHYSICAL DESCRIPTION | |
| Extent | 69 pages : |
| Other physical details | colour illustrations ; |
| Dimensions | 23 cm |
| 336 ## - CONTENT TYPE | |
| Source | rdacontent |
| Content type term | text |
| 337 ## - MEDIA TYPE | |
| Source | rdamedia |
| Media type term | unmediated |
| 338 ## - CARRIER TYPE | |
| Source | rdacarrier |
| Carrier type term | volume |
| 490 1# - SERIES STATEMENT | |
| Series statement | Great Graphic Novel |
| 520 ## - SUMMARY, ETC. | |
| Summary, etc. | D'Artagnan wants nothing more than to become a Musketeer. It's not just the fame and fortune he seeks in service of the King's army. He wants to be a part of something important. When a plot from the Cardinal threatens the Queen, d'Artagnan and his three new friends will stop at nothing to keep her and the realm safe. |
| 600 1# - SUBJECT ADDED ENTRY--PERSONAL NAME | |
| Personal name | Dumas's, Alexandre. |
| Title of a work | The Three Musketeers. |
| 650 10 - SUBJECT ADDED ENTRY--TOPICAL TERM | |
| Topical term or geographic name entry element | Graphic novels. |
| Topical term or geographic name entry element | Comic books, strips, etc. |
| Topical term or geographic name entry element | Children's stories, English. |
| 700 1# - ADDED ENTRY--PERSONAL NAME | |
| Personal name | Cabrera, Eva. |
| Relator term | illustrator. |
| 830 #0 - SERIES ADDED ENTRY--UNIFORM TITLE | |
| Uniform title | Great Graphic Novel |
| 942 ## - ADDED ENTRY ELEMENTS (KOHA) | |
| Source of classification or shelving scheme | Dewey Decimal Classification |
| Koha item type | Book |
| Withdrawn | Not for loan | Current library | Shelving location | Date acquired | Total Checkouts | Total Renewals | Full call number | Barcode | Date last seen | Date last checked out | Koha item type | Checked out |
|---|---|---|---|---|---|---|---|---|---|---|---|---|
| Perpustakaan Alor Setar | Pinjaman Kanak-kanak | 20/08/2019 | 5 | 2 | K 741.5973 STA | A01612875 | 28/11/2021 | 14/04/2021 | Book | |||
| Perpustakaan Awam Sungai Petani | Pinjaman Kanak-kanak | 20/08/2019 | 6 | K 741.5973 STA | A01612876 | 09/03/2024 | 02/03/2024 | Book | ||||
| Perpustakaan Baling | Pinjaman Kanak-kanak | 20/08/2019 | K 741.5973 STA | A01612880 | 20/08/2019 | Book | ||||||
| Perpustakaan Bandar Baharu | Pinjaman Kanak-kanak | 20/08/2019 | 1 | K 741.5973 STA | A01612881 | 20/09/2020 | 01/09/2020 | Book | ||||
| Perpustakaan Jitra | Pinjaman Kanak-kanak | 20/08/2019 | K 741.5973 STA | A01612878 | 20/08/2019 | Book | ||||||
| Perpustakaan Kulim | Pinjaman Kanak-kanak | 20/08/2019 | 6 | 1 | K 741.5973 STA | A01612877 | 22/10/2025 | 22/10/2025 | Book | 12/11/2025 | ||
| Perpustakaan Langkawi | Pinjaman Kanak-kanak | 20/08/2019 | 4 | 1 | K 741.5973 STA | A01612879 | 22/04/2026 | 22/04/2026 | Book | 13/05/2026 | ||
| Perpustakaan Merbok | Pinjaman Kanak-kanak | 20/08/2019 | K 741.5973 STA | A01612882 | 20/08/2019 | Book |